000
00355nam a2200145Ia 4500
008
151213s9999 xx 000 0 und d
100
_a
L.Gorehls
245
_a
The Product Manager's Hand Book
_c
L.Gorehls
260
_a
U.S.A
_b
NTC
_c
1995
300
_a
2754 p.
650
_a
A Hand Book
650
_a
A Hand Book
700
_a
L.Gorehls
999
_c
1864
_d
1864